Recherches sur (Record no. 680)
[ view plain ]
| 000 -LEADER | |
|---|---|
| fixed length control field | 00494nam a2200193Ia 4500 |
| 003 - CONTROL NUMBER IDENTIFIER | |
| control field | IN-BaIIA |
| 005 - DATE AND TIME OF LATEST TRANSACTION | |
| control field | 20240503120410.0 |
| 008 - FIXED-LENGTH DATA ELEMENTS--GENERAL INFORMATION | |
| fixed length control field | 211028s9999 xx 000 0 eng d |
| 040 ## - CATALOGING SOURCE | |
| Transcribing agency | IIA Library |
| 080 ## - UNIVERSAL DECIMAL CLASSIFICATION NUMBER | |
| Universal Decimal Classification number | 523.9 |
| Item number | DUN |
| 100 ## - MAIN ENTRY--PERSONAL NAME | |
| Personal name | Duner, N C |
| 9 (RLIN) | 1471 |
| 245 #0 - TITLE STATEMENT | |
| Title | Recherches sur |
| Remainder of title | La rotation du soleli |
| 260 ## - PUBLICATION, DISTRIBUTION, ETC. | |
| Place of publication, distribution, etc. | Paris |
| Name of publisher, distributor, etc. | De L'Imprimerie De Crapelet |
| Date of publication, distribution, etc. | 1802 |
| 300 ## - PHYSICAL DESCRIPTION | |
| Extent | xxxij, 567p. |
| 650 ## - SUBJECT ADDED ENTRY--TOPICAL TERM | |
| Topical term or geographic name entry element | Archives |
| 650 ## - SUBJECT ADDED ENTRY--TOPICAL TERM | |
| Topical term or geographic name entry element | Astrometry |
| 650 ## - SUBJECT ADDED ENTRY--TOPICAL TERM | |
| Topical term or geographic name entry element | Celestial mechanics |
| 942 ## - ADDED ENTRY ELEMENTS (KOHA) | |
| Koha item type | Books |
| Source of classification or shelving scheme | Dewey Decimal Classification |
| Withdrawn status | Lost status | Damaged status | Not for loan | Home library | Current library | Shelving location | Date acquired | Total Checkouts | Full call number | Barcode | Date last seen | Price effective from | Koha item type |
|---|---|---|---|---|---|---|---|---|---|---|---|---|---|
| IIA Library-Bangalore | IIA Library-Bangalore | General Stacks | 523.9/ DUN | 703 | 05/11/2021 | Books |